000 00488nam a2200181Ia 4500
001 19845
005 20260306172722.0
008 260306t2023||||xx |||||||||||||| ||spa||
041 _aESP
082 _a341.2
_bG72
100 _aGonzález-Varas Ibáñez, Alejandro,
_eAUT
245 0 _aIdeologías y creencias en la formación del derecho en un contexto global
260 _c2023
300 _a145 páginas :
_c23 cm.
650 _aGEN
654 _aCDE
942 _cLIB
_dJUS
_fJUS
_2ddc
_n
999 _c19845
_d19845